000
00336nam a2200145Ia 4500
008
210210b1933 xxu||||| |||| 00| 0 eng d
041
_a
eng
082
_a
444/434
100
_a
CHATEAUBRIAND
245
_a
Selections
260
_a
Oxford
_b
At the Clarendon Press
_c
1933
650
_a
Selections
690
_a
French
906
_a
006629
999
_c
129619
_d
129619